Statistics for Mountain Ranges in China

Click here to take the quiz!

General Stats

  • This quiz has been taken 16 times
  • The average score is 3 of 7

Answer Stats

Mtn Range % Correct
Kunlun
100%
Tian
71%
Altay
43%
Himilaya
14%
Altun
14%
Qinling
14%
Karakoram
0%

Score Distribution

Percentile by Number Answered

Percent of People with Each Score

Your Score History

You have not taken this quiz